000
00312nam a22001217a 4500
008
180424b xxu||||| |||| 00| 0 eng d
041
_a
eng
080
_a
043.3
100
_a
0
101
_a
SHKI-MA
245
_a
Implementimi i Backup-it te Data Qendres dhe Replikimi i te Dhenave
_c
Hisenaj, Z
942
_2
udc
_c
BK
999
_c
45455
_d
45455